000 00666nam a2200241 i 4500
001 C2-0225208
003 PPAK
005 20180728153500.0
008 000604s1955 ii |||| ||||| | eng d
040 _aPPAK
_beng
_cPPAK
_erda
082 0 4 _a410
_223
090 0 0 _a410
_bGLE
_dKSA
100 1 _aGleason, H.A.,
_eauthor
245 1 3 _aAn introduction to descriptive linguistics
264 1 _aCalcutta, India :
_bOxford & IBH Publishing ,
_c1955
300 _avii, 503 pages ;
_c21 cm
336 _2rdacontent
_atext
337 _2rdamedia
_aunmediated
338 _2rdacarrier
_avolume
500 _aRevised Edition
650 1 0 _aLinguistics
942 _ddc
_cB
999 _c145940
_d145940